| 000 | 03402nam a2200349 a 4500 | ||
|---|---|---|---|
| 003 | OSt | ||
| 005 | 20250815111315.0 | ||
| 007 | cr ||||||a|a|a | ||
| 008 | 250805s2025 mx a|||fom||| 001 0 spa d | ||
| 040 | _erda | ||
| 100 | 1 |
_aTorres Méndez, Yazmín _9190826 |
|
| 245 | 1 | 0 |
_aResistencia de BidensPilosa en la región de Calpulalpan, Tlaxcala a los herbicidas posulfuran Y 2, 4 - D/ _cpor Yazmín Torres Méndez; director de tesis J. Antoinio Tafoya Razo; secretario Guillermo Mondragón Pedrero; vocal Oscar Morales Galván; suplente Amalia Pérez Valdez; suplente Jaime Alfredo Urzua Gutiérrez. |
| 264 | 1 |
_aChapingo, México : _bEl autor, _c2024. |
|
| 300 |
_a1 recurso en línea (55 páginas): _bcuadros, figuras. |
||
| 336 |
_2rdacontent _atexto _btxt |
||
| 337 |
_2rdamedia _acomputadora _bc |
||
| 338 |
_2rdacarrier _arecurso en línea _bcr |
||
| 502 |
_bIAEPA _cParasitología _d2024. _gLIC |
||
| 504 | _aIncluye referencias bibliográficas: páginas 53-55. | ||
| 520 | _aEl 2,4-D es uno de los herbicidas más viejos y a pesar de tener muchos años de empleo no tiene tantos problemas de resistencia como otros herbicidas. Uno de los grupos de herbicidas que se han registrado con un mayor número de especies resistentes son los inhibidores de la ALS; sin embargo, son pocas las especies que se han reconocido resistentes al herbicida Prosulfuron perteneciente a este grupo. En la región de Calpulalpan, Tlaxcala, estos herbicidas se han estado empleado continuamente durante décadas, pero su control ha ido disminuyendo en varias especies de malezas, lo cual se puede deber a que estas especies ya sean resistentes a estos herbicidas. Por esta situación se colectaron semillas de Bidens pilosa en cultivos con problemas de control y en sitios en donde no se han aplicado herbicidas. Por lo cual se estableció un bioensayo con la finalidad de evaluar la efectividad biológica de los herbicidas: HIERBAMINA (2,4-D) y PEAK 57WG (Prosulfuron) en dos biotipos de Bidens pilosa (susceptible y resistente). El diseño experimental utilizado fue completamente al azar. Los tratamientos utilizados fueron: 2,4-D a diferentes dosis: 0, 30, 60, 120, 240, 480, 960, 1920 (g de i.a. ha1) y Prosulfuron a diferentes dosis 0, 1.069, 2.138, 4.275, 8.55, 17.1, 34.2, 68.4 (g de i.a. ha1) con cinco repeticiones cada una de ellas. La variable evaluada fue el peso seco (gramos). Los resultados indican que existe resistencia considerando como resistente cuando el índice de resistencia es igual o superior a 2. El índice de resistencia que se obtuvo para el 2,4-D fue de 2.43, mientras que para el herbicida Prosulfuron fue de 2.40. Con base en los resultados se confirma la resistencia de este biotipo a ambos herbicidas. | ||
| 650 | 4 |
_aBidens pilosa _xResistencia a herbicidas _9191038 |
|
| 650 | 4 |
_aHerbicidas _xAnálisis _9132171 |
|
| 650 | 4 |
_aMalas hierbas _xResistencia a herbicidas _970035 |
|
| 650 | 4 |
_aMalas hierbas _xControl _970011 |
|
| 700 | 1 |
_aTafoya Razo, José Antonio _9111341 _edirector. |
|
| 700 | 1 |
_aMondragón Pedrero, Guillermo _977486 _esecretario. |
|
| 700 | 1 |
_aMorales Galván, Oscar _978271 _evocal. |
|
| 700 | 1 |
_aPérez Valdez, Amalia _990074 _esuplente. |
|
| 700 | 1 |
_aUrzúa Gutiérrez, Jaime Alfredo _9117018 _esuplente. |
|
| 856 |
_uhttp://10.13.5.2/tesis/tl/1312562-3_TORRES_MENDEZ_YAZMIN.pdf _zDESCARGAR PDF |
||
| 942 |
_2Clasificación Universidad Autónoma Chapingo _cTD |
||
| 999 |
_c220777 _d220777 |
||